000 01037nam a22002657a 4500
008 130821s1945 cl gr dspa
040 _aCo-BoUCM
_bspa
041 0 0 _aspa
092 _aFN 000194 4a. ed
100 _aDietrich, Wolfram
_9170871
245 0 0 _aSimón Bolívar y las guerras de la independencia Americana
_cWolfran Dietrich, traducción de Iguel Checa Solari
250 _a4a. ed
260 _aSantiago de Chile (Chile)
_bEdiciones Ercilla
_c1945
300 _a263 páginas
500 _aIncluye bibliografía e índice. -- Este libro se encuentra en el depósito de la biblioteca
600 _aBolívar, Simón
_d1783-1830
_933138
600 _aBolívar, Simón
_d1783-1830
_vBiografías
_938579
650 0 4 _aBiografías
_97343
650 0 4 _aGuerras de Independencia
_y1806-1830
_97678
650 0 4 _aHistoria
_97695
651 _aAmérica Latina
_926753
651 _aAmérica Latina
_xHistoria
_yGuerras de independencia
_y1806-1830
_926570
700 _aCheca Solari, Iguel.
_eTr
_9170872
942 _cLIBRO
_a27
_e4
_n0
999 _c85589
_d85589